| 000 | 00422nam a2200145Ia 4500 | ||
|---|---|---|---|
| 008 | 230917s9999||||xx |||||||||||||| ||und|| | ||
| 040 |
_e164626 _aMAIN |
||
| 041 | _aEnglish | ||
| 082 | _a891.43152109 BH122:GR | ||
| 100 | _aगुप्त, रमेंश, सम्पा. | ||
| 245 | 0 | _aबच्चन निकषपर | |
| 260 |
_aदिल्ली _bराजकमल _c1979 |
||
| 300 | _a275 p. | ||
| 942 | _cHN | ||
| 999 |
_c206366 _d206366 |
||